Collections / (Record no. 8080)

MARC details
000 -LEADER
fixed length control field 00744nam a22002417a 4500
001 - CONTROL NUMBER
control field 8080
003 - CONTROL NUMBER IDENTIFIER
control field FISKH
005 - DATE AND TIME OF LATEST TRANSACTION
control field 20251128090146.0
008 - FIXED-LENGTH DATA ELEMENTS--GENERAL INFORMATION
fixed length control field 250821b cb ||||| |||| 00| 0 eng d
020 ## - INTERNATIONAL STANDARD BOOK NUMBER
International Standard Book Number 9780439116596
040 ## - CATALOGING SOURCE
Original cataloging agency FISKH
Language of cataloging eng
Transcribing agency FISKH
Modifying agency FISKH
082 ## - DEWEY DECIMAL CLASSIFICATION NUMBER
Classification number 517
100 ## - MAIN ENTRY--PERSONAL NAME
Personal name Ballinger, Margaret
245 ## - TITLE STATEMENT
Title Collections /
Statement of responsibility, etc. Margaret Ballinger and Rachel Gosset ; Illustrated by Lloyd Foye
260 ## - PUBLICATION, DISTRIBUTION, ETC.
Place of publication, distribution, etc. New York :
Name of publisher, distributor, etc. Scholastic,
Date of publication, distribution, etc. 1996.
300 ## - PHYSICAL DESCRIPTION
Extent 8 unnumbered pages :
Other physical details color illustrations ;
Dimensions 18 cm
505 ## - FORMATTED CONTENTS NOTE
Formatted contents note NP<br/>
520 ## - SUMMARY, ETC.
Summary, etc. The children in this story collect lots of different things.
700 ## - ADDED ENTRY--PERSONAL NAME
Personal name Gosset, Rachel
Relator term Author
700 ## - ADDED ENTRY--PERSONAL NAME
Personal name Foye, Lloyd
Relator term illustrator
942 ## - ADDED ENTRY ELEMENTS (KOHA)
Source of classification or shelving scheme Dewey Decimal Classification
Koha item type Books
Suppress in OPAC No
Holdings
Withdrawn status Lost status Source of classification or shelving scheme Damaged status Not for loan Collection Home library Current library Shelving location Date acquired Total Checkouts Full call number Barcode Date last seen Copy number Price effective from Koha item type Date last checked out
    Dewey Decimal Classification     Juvenile Fiction Footprints International School Library Network Toul Kork Campus Footprints International School Library Network Toul Kork Campus TK Primary Library Room(4th Floor), Bookcase 7, Shelves 57-60, Dark Green Books 08/21/2025   BAL 517 FIS01832 08/21/2025 1 08/21/2025 Books  
    Dewey Decimal Classification     Juvenile Fiction Footprints International School Library Network Toul Tom Poung Campus Footprints International School Library Network Toul Tom Poung Campus TTP Primary Green Bookshelves 08/25/2025 1 BAL 517 FISBK05424 11/19/2025 2 08/25/2025 Books 10/03/2025
    Dewey Decimal Classification     Juvenile Fiction Footprints International School Library Network Toul Tom Poung Campus Footprints International School Library Network Toul Tom Poung Campus TTP Primary Green Bookshelves 08/27/2025   BAL 517 FISTK00832 08/27/2025 3 08/27/2025 Books  
    Dewey Decimal Classification     Juvenile Fiction Footprints International School Library Network Toul Tom Poung Campus Footprints International School Library Network Toul Tom Poung Campus TTP Primary Green Bookshelves 11/28/2025   BAL 517 2025-4981 11/28/2025 4 11/28/2025 Books